|
|
|
|
| LEADER |
00000nab a2200000 a 4500 |
| 001 |
vtls000701474 |
| 003 |
SK-MaSNL |
| 005 |
20260302195356.0 |
| 008 |
160414s1997 xo 0 slo |
| 015 |
|
|
|a SNBRH1999/02-01531
|
| 035 |
|
|
|a CLN000053641
|
| 040 |
|
|
|a SNKBUCL
|b slo
|c SNKBUCL
|e AACR2
|
| 041 |
0 |
|
|a slo
|
| 044 |
|
|
|a xo
|c SK
|
| 080 |
|
|
|a 787.1.087.5:784.4
|2 1997
|
| 245 |
0 |
0 |
|a Prídi ty, šuhajko, ráno k nám
|h hudobnina
|
| 650 |
0 |
7 |
|a inštruktívna tvorba
|x piesne ľudové slovenské
|x husle (spev)
|2 snkbucl
|9 916793
|
| 650 |
0 |
7 |
|a piesne ľudové slovenské
|x husle (spev)
|2 snkbucl
|9 916794
|
| 773 |
0 |
|
|z 8096779923
|t 60 slovenských ľudových piesní pre 1 alebo 2 huslí v úprave pre začiatočníkov
|a Kořínek, Viliam
|d Bratislava : Národné hudobné centrum, 1997
|g S. 7
|
| 850 |
|
|
|a Slovenská národná knižnica v Martine
|
| 852 |
|
|
|a SNK
|b KIS3GCP
|
| 924 |
|
|
|a husle (spev)
|
| 958 |
|
|
|a TL
|
| 958 |
|
|
|a RZH
|
| 999 |
|
|
|c 1452339
|d 1454269
|